000 00570nam a2200205Ia 4500
005 20260429112302.0
008 260429s9999||||xx |||||||||||||| ||und||
020 _a9783111515700
041 _aEnglish
082 _a512.5
_bMAU
100 _aMaury, Saurabh Chan
245 0 _aLinear algebra :
_bvector and inner product spaces /
_cSaurabh Chan Maury
260 _aBerlin :
_bDe Gruyter,
_c2025.
300 _aix, 264 p.; pbk
650 _a Inner product spaces
650 _a Mathematics
650 _a Vector spaces
650 _aLinear algebra
942 _cTB
999 _c53311
_d53311